000 00422nam a2200169Ia 4500
003 STCL
008 181203s9999 xx 000 0 und d
020 _a9788173194726
040 _aSTCL
_bEN
_cSTCL
082 _222
100 _aJag Mohan
245 0 _aOrganic Analytical Chemistry: Theory and Practice
260 _bNarosa Publishing House
_aNew Delhi
_c2012
300 _a660
546 _aEnglish
942 _2ddc
_cBK
999 _c84191
_d84191